00991nam a2200265 i 4500003000900000005001700009007000300026008004100029020001800070040003000088041000800118082002400126100003900150245004000189250002300229264007400252300002800326336002700354337003400381338002800415500007100443505016100514650002400675650002600699DO-SdBNP20251121131356.0ta251015b2025 dr ||||| |||| 00| 0 spa d a9789945656275 aDO-SdBNPbspacBNPHUerda aspa 4aRD861.44bA795s222 aArvelo, Genarod1954-eautor4aut.14aSus ojos azules / cGenaro Arvelo  aPrimera edición  1aSanto Domingo, República Dominicana :bEditorial Santuario, c2025. a90 páginas ;c23 cm.  atextobtxt2rdacontent asin mediación bn2rdamedia avolumenbnc2rdacarrier aIncluye datos biográficos del autor en la solapa de la cubierta. aBreviario Sus ojos azules, 9 -- Telón lírico hay unos ojos, 11 - Dominic frente al mar, 13 -- Llegada de Franchesco, 15 -- Caída del príncipe, 17 -- 7aPoesía dominicana 7aLiteratura dominicana